000 00521nam a2200193Ia 4500
005 20250326141248.0
008 250326s9999 xx 000 0 und d
020 _a0-582-084237
037 _aTextbook
040 _aFMSL
_beng
_cFMSL
041 _aeng
_2eng
084 _aX N1
_qFMSL
100 _aDavies S And Othes
_9744042
245 0 _aEconomics of industrial organization
_cDavies S And Othes
260 _aNY
_bNY, Longman
_c1991
300 _a248p
942 _cTB
_hX N1
999 _c1289492
_d1289492